| 000 | 01192nam a2200361 i 4500 | ||
|---|---|---|---|
| 001 | 200463322 | ||
| 003 | TR-AnTOB | ||
| 005 | 20250116140741.0 | ||
| 007 | ta | ||
| 008 | 250116s2023 tu b 000 0 tur d | ||
| 020 |
_a9786254326035 _q(paperback) |
||
| 035 | _a(TR-AnTOB)200463322 | ||
| 040 |
_aTR-AnTOB _beng _erda _cTR-AnTOB |
||
| 041 | 0 | _atur | |
| 050 | 4 |
_aK3585.5 _b.K693 2023 |
|
| 090 |
_aK3585.5 _b.K693 2023 |
||
| 100 | 1 |
_aKöybaşı, Serkan _eauthor _9147889 |
|
| 245 | 1 | 0 |
_aİklim değişikliğine karşı yeşil anayasalcılık / _c Serkan Köybaşı. |
| 250 | _a1. baskıdan tıpkı basım. | ||
| 264 | 1 |
_aİstanbul : _bOn İki Levha Yayıncılık, _c2023. |
|
| 300 |
_axvi, 508 pages ; _c24 cm |
||
| 336 |
_atext _btxt _2rdacontent |
||
| 337 |
_aunmediated _bn _2rdamedia |
||
| 338 |
_avolume _bnc _2rdacarrier |
||
| 500 | _a"yayın no: 2330" Page facing title page. | ||
| 504 | _aBIB | ||
| 650 | 7 |
_aİklim değişiklikleri _xHukuk ve mevzuat _2etuturkob _9145078 |
|
| 650 | 0 |
_aÇevre hukuku _9105917 |
|
| 650 | 7 |
_aİklim değişiklikleri _xİnsan etkisi _2etuturkob _9147890 |
|
| 650 | 0 |
_aAnayasa hukuku _939580 |
|
| 942 |
_2lcc _cBK |
||
| 999 |
_c200463322 _d81534 |
||